| 000 | 00380cam a2200145ua 4500 | ||
|---|---|---|---|
| 041 |
_amal _h |
||
| 082 |
_a894.8121 _bSAN/MO |
||
| 100 | _aSankaraKurup, G. | ||
| 245 |
_aMoonaruviyum oru puzhayum / _cG.Sankara kurup. _hTextual Documents |
||
| 260 |
_a : _bSahithya pravarthaka co-operative sangham , _c1966. |
||
| 300 | _a54 ; . | ||
| 504 | _a | ||
| 942 | _cBK | ||
| 999 |
_c649 _d649 |
||